Statistics for Disputed Areas Map Quiz

Click here to take the quiz!

General Stats

  • This quiz has been taken 1,856 times
  • The average score is 14 of 18

Answers on the Map

Answers color-coded by a green-red scale on the quiz's map according to % correct below.
 

Answer Stats

Answer% Correct
Western Sahara
95%
Falkland Islands
94%
Kosovo
91%
Somaliland
90%
Korea
89%
Guayana Esequiba
88%
Palestine
88%
Taiwan
88%
Crimea
87%
Northern Cyprus
87%
Jammu & Kashmir
80%
Transnistria
77%
Hala'ib Triangle
73%
Arunachal Pradesh
70%
South Ossetia
70%
Abkhazia
67%
Artsakh
66%
Bir Tawil
46%

Score Distribution

Percentile by Number Answered

Percent of People with Each Score

Your Score History

You have not taken this quiz